| 000 | 00682nam a2200181Ia 4500 | ||
|---|---|---|---|
| 008 | 151018s9999 xx 000 0 und d | ||
| 082 |
_bRBASDV43331 _a891.434 |
||
| 100 | _aरामशंकर तिवारी | ||
| 245 | _aसफलता सिर्फ चार कदम पर | ||
| 250 | _b1 | ||
| 260 |
_bक्वालिटी पब्लिकेशन _c2006 |
||
| 300 | _a264 | ||
| 600 | _aरामशंकर तिवारी | ||
| 630 | _aसफलता सिर्फ चार कदम पर | ||
| 700 | _aरामशंकर तिवारी | ||
| 730 | _aसफलता सिर्फ चार कदम पर | ||
| 942 | _cBOOK | ||
| 999 |
_c1042545 _d1042542 |
||